000
00442nam a2200133Ia 4500
008
100328s9999 xx 000 0 und d
082
_b
63579
100
_a
भोसले राजन.
245
_a
अथातो कामजिज्ञासा.
260
_b
मनोविकास.
630
_a
अथातो कामजिज्ञासा.
730
_a
अथातो कामजिज्ञासा.
942
_c
BOOK
999
_c
549450
_d
549447